LEADER 02323nam 2200481 450 001 9910132446703321 005 20230621141036.0 010 $a9788576285830$b(ebook) 035 $a(CKB)3710000000347440 035 $a(WaSeSS)IndRDA00057498 035 $a(oapen)https://directory.doabooks.org/handle/20.500.12854/57083 035 $a(EXLCZ)993710000000347440 100 $a20160609d2012 || 0 101 0 $apor 135 $aur||#|||||||| 181 $ctxt$2rdacontent 182 $cc$2rdamedia 183 $acr$2rdacarrier 200 00$aProduc?a?o de identidades $ee processos de subjetivac?a?o em pra?ticas discursivas /$fIsmara Tasso, Pedro Navarro, organizadores 210 $cSciELO Books - EDUEM$d2012 210 1$aMaringa?, Brazil :$cEDUEM,$d2012. 215 $a1 online resource (304 pages) $cdigital, PDF file(s) 320 $aIncludes bibliographical references. 330 $aThe articles that make up this organization are divided into three major thematic axes. In the first part, the texts discuss, in general lines, the control of the body and the government of the subjects. In the second part, the articles deal with representations of the marginalized Brazilian in interface with exclusion and inclusion. The texts of the third and last part address the representations of the masculine and the feminine in the public and in the private, the production of identities of the political subject and the processes of teaching subjectivity. It is hoped that, at the end of the journey undertaken by the authors, the possible interlocutors will be able to extract from it a theoretical and methodological path that allows understanding how the subject's production materializes in media discourses. Even more, 606 $aPublic speaking 606 $aSpeech 610 $aCorpo 610 $aAnálise do discurso 610 $aMídia 610 $aExclusão/inclusão 610 $aPráticas discursivas 610 $aDiscurso 610 $aIdentidade 615 0$aPublic speaking. 615 0$aSpeech. 700 $aTasso$b Ismara (org.)$4auth$01366714 702 $aTasso$b Ismara 702 $aNavarro$b Pedro 801 0$bWaSeSS 801 2$bUkMaJRU 912 $a9910132446703321 996 $aProduc?a?o de identidades$93389320 997 $aUNINA LEADER 02002oas 2200829 a 450 001 9910145564403321 005 20251105213014.0 011 $a1573-675X 035 $a(DE-599)ZDB1495863-6 035 $a(DE-599)1495863-6 035 $a(OCoLC)37773456 035 $a(CONSER) 2001262348 035 $a(CKB)954925619145 035 $a(EXLCZ)99954925619145 100 $a19971013a19969999 sy a 101 0 $aeng 135 $aurmnu|||||||| 181 $ctxt$2rdacontent 182 $cc$2rdamedia 183 $acr$2rdacarrier 200 10$aApoptosis 210 $aNorwell, MA $cKluwer Academic Publishers 210 3 $aNew York $cSpringer US 300 $aRefereed/Peer-reviewed 300 $a"An international journal on programmed cell death." 311 08$a1360-8185 606 $aApoptosis$vPeriodicals 606 $aCell death$vPeriodicals 606 $aApoptose$vPe?riodiques 606 $aCellules$xMort$vPe?riodiques 606 $aApoptosis$2fast$3(OCoLC)fst00811467 606 $aCell death$2fast$3(OCoLC)fst00850180 606 $aApoptosi$2thub 608 $aPeriodicals.$2fast 608 $aRevistes electròniques.$2thub 615 0$aApoptosis 615 0$aCell death 615 6$aApoptose 615 6$aCellules$xMort 615 7$aApoptosis. 615 7$aCell death. 615 7$aApoptosi. 676 $a571.84 801 0$bF#A 801 1$bF#A 801 2$bOCL 801 2$bCGU 801 2$bOCLCQ 801 2$bMUQ 801 2$bOCLCQ 801 2$bGUA 801 2$bOCLCQ 801 2$bOCLCS 801 2$bDLC 801 2$bOCLCQ 801 2$bOCLCO 801 2$bOCLCF 801 2$bOCLCQ 801 2$bUKMGB 801 2$bVT2 801 2$bNJT 801 2$bDLC 801 2$bOCLCO 801 2$bOCLCQ 801 2$bUAB 801 2$bSFB 801 2$bOCLCL 801 2$bOCLCQ 906 $aJOURNAL 912 $a9910145564403321 996 $aApoptosis$983494 997 $aUNINA